Enhanced Media Edition, (Record no. 5370)

MARC details
005 - DATE AND TIME OF LATEST TRANSACTION
control field 20250626134826.0
020 ## - INTERNATIONAL STANDARD BOOK NUMBER
International Standard Book Number 0-273-71018-4
082 ## - DEWEY DECIMAL CLASSIFICATION NUMBER
Classification number 658.4012 JOH.
100 ## - MAIN ENTRY--PERSONAL NAME
Author name JOHNSON, G.
245 ## - TITLE STATEMENT
Title Enhanced Media Edition,
250 ## - EDITION STATEMENT
Edition statement 7th Ed.
260 ## - PUBLICATION, DISTRIBUTION, ETC.
Place of publication, distribution, etc. London,
Name of publisher, distributor, etc. Prentice Hall,
Date of publication, distribution, etc. 2006.
300 ## - PHYSICAL DESCRIPTION
Extent xxx1v.; 660p.; Ill.; picture
Other physical details Index,
Dimensions 27cm.
700 ## - ADDED ENTRY--PERSONAL NAME
Other authors/Editors SCHOLE, K. & WHITTINGTON, R.
942 ## - ADDED ENTRY ELEMENTS (KOHA)
Source of classification or shelving scheme Dewey Decimal Classification
Koha item type Books
Holdings
Date last seen Total checkouts Full call number Barcode Cost, replacement price Price effective from Koha item type Lost status Source of classification or shelving scheme Damaged status Not for loan Withdrawn status Home library Current library Shelving location Date acquired Cost, normal purchase price
06/26/2025   658.4012JOH DOM0001334 255000.00 06/26/2025 Books   Dewey Decimal Classification       CBE Dodoma CBE Dodoma General Collection 02/04/2010 85000.00
06/26/2025   658.4012JOH DOM0001413 255000.00 06/26/2025 Books   Dewey Decimal Classification       CBE Dodoma CBE Dodoma General Collection 02/04/2010 85000.00
06/26/2025   658.4012JOH DOM0001414 255000.00 06/26/2025 Books   Dewey Decimal Classification       CBE Dodoma CBE Dodoma General Collection 02/04/2010 85000.00
06/26/2025   658.4012JOH DOM0001415 255000.00 06/26/2025 Books   Dewey Decimal Classification       CBE Dodoma CBE Dodoma General Collection 02/04/2010 85000.00